00548nam a22001577a 4500003001100000005001700011008004100028040003900069041000800108082001300116245011700129260005100246300001900297650003600316650003800352LK-CoMWRAF20240229144533.0240226b2002 |||||||| |||| 00| 0 eng d aLK-CoMWRAFdLK-CoMWRAFeLK-CoMWRAF aeng a750bBLE aThe blessing way of the painted dove:brites, images and offerings from the butterfly peace garden of Batticaloa a[Batticaloa]:b[Butterfly peace garden],c2002 aUnnumbered pg. aPAINTINGS-Exhibitions-Sri Lanka aPaintings-War affected- Sri Lanka